| 000 | 00571nam a2200205Ia 4500 | ||
|---|---|---|---|
| 008 | 100315s9999 xx 000 0 und d | ||
| 020 | _a0-333-39737-1 | ||
| 040 | _cENGLISH | ||
| 082 |
_b2033 _a330 |
||
| 100 | _a"KOUTSOYIANNIS, A. " | ||
| 245 | _aMODERN MICROECONOMICS | ||
| 260 |
_aGLISH LANGUAGE BOOK SOCIETY _bENGLISH LANGUAGE BOOK SOCIETY _c1986 |
||
| 300 | _a"XVII,581P " | ||
| 365 |
_eAus.Sch. _d1 _b60.05 |
||
| 366 | _f0 | ||
| 530 | _b- | ||
| 630 | _aMODERN MICROECONOMICS | ||
| 730 | _aMODERN MICROECONOMICS | ||
| 942 | _cBOOK | ||
| 999 |
_c476768 _d476765 |
||